| 000 | 00721cam a22002531 4500 | ||
|---|---|---|---|
| 001 | 4531687 | ||
| 003 | PILC | ||
| 005 | 20150824134114.0 | ||
| 008 | 780620s1963 vau 000 0 eng | ||
| 010 | _a 63019122 | ||
| 040 |
_aDLC _cMB _dDLC |
||
| 041 | 1 | _aengfre | |
| 050 | 0 | 0 |
_aBF 789.G5 _b.T63 1963 |
| 082 | 0 | 0 | _a150 |
| 100 | 1 | _aTournier, Paul. | |
| 240 | 1 | 0 |
_aDes cadeaux, pourquoi? _lEnglish |
| 245 | 1 | 4 |
_aThe meaning of gifts / _cTranslated by John S. Gilmour. |
| 260 |
_aRichmond, _bJohn Knox Press, _c1963. |
||
| 300 |
_a62 pages ; _c18 cm. |
||
| 500 | _aTranslation of Des cadeaux, pourquoi? | ||
| 650 | 0 |
_aGifts _xPsychology. |
|
| 906 |
_a7 _bcbc _corignew _du _eocip _f19 _gy-gencatlg |
||
| 942 |
_2lcc _cBK |
||
| 999 |
_c288457 _d288457 |
||